Sportifs de l'année - Prix Laureus - Statistiques

Statistiques générales
  • Ce quiz a été pris 99 fois
  • Le résultat moyen est 25 sur 27
Statistiques - réponses
Année Sport Sportif % Correct
2012 Tennis Novak Djokovic
100%
2015 Tennis Novak Djokovic
100%
2016 Tennis Novak Djokovic
100%
2019 Tennis Novak Djokovic
100%
2024 Tennis Novak Djokovic
100%
2020 Formule 1 Lewis Hamilton
99%
2020 Football Lionel Messi
99%
2023 Football Lionel Messi
99%
2011 Tennis Rafael Nadal
99%
2021 Tennis Rafael Nadal
99%
2005 Tennis Roger Federer
99%
2006 Tennis Roger Federer
99%
2007 Tennis Roger Federer
99%
2008 Tennis Roger Federer
99%
2018 Tennis Roger Federer
99%
2009 Athlétisme Usain Bolt
92%
2010 Athlétisme Usain Bolt
92%
2013 Athlétisme Usain Bolt
92%
2017 Athlétisme Usain Bolt
92%
2000 Golf Tiger Woods
90%
2001 Golf Tiger Woods
90%
2022 Formule 1 Max Verstappen
86%
2002 Formule 1 Michael Schumacher
84%
2004 Formule 1 Michael Schumacher
84%
2014 Formule 1 Sebastian Vettel
68%
2025 Athlétisme Armand Duplantis
63%
2003 Cyclisme Lance Armstrong
63%
Aucun quiz correspondant
Distribution des résultats
% des personnes avec chaque résultat
Percentile par nombre de réponses
Votre historique - résultats
Vous n’avez pas pris ce quiz